Terminal de carga aeropuerto Juan Santamaría.
Guardado en:
| Autor principal: | |
|---|---|
| Formato: | Libro |
| Publicado: |
San José, Costa Rica
1987
|
| Materias: | |
| Etiquetas: |
Agregar Etiqueta
Sin Etiquetas, Sea el primero en etiquetar este registro!
|
MARC
| LEADER | 00000nam a2200000Ia 4500 | ||
|---|---|---|---|
| 003 | 004491 | ||
| 005 | 20221231144348.0 | ||
| 008 | 140114s1987 cr a m 000 ||s d | ||
| 040 | |c cru CEDI | ||
| 090 | |a TFG 2028 | ||
| 100 | |a Hernández Beita, Félix |9 13806 | ||
| 245 | |a Terminal de carga aeropuerto Juan Santamaría. | ||
| 260 | |c 1987 |a San José, Costa Rica | ||
| 300 | |a 106 hojas : ilustraciones (1 plegables) ; 28 cm | ||
| 500 | |a Tesis (licenciatura en ingeniería civil)--Universidad de Costa Rica. Facultad de Ingeniería. Escuela de Ingeniería Civil | ||
| 650 | |x AEROPUERTO INTERNACIONAL JUAN SANTAMARIA (COSTA RICA) |x AVIACION COMERCIAL |x CARGA |9 13808 | ||
| 942 | |c TFG |2 ddc | ||
| 999 | |c 20741 |d 20741 | ||
